| 000 | 00935nam a2200229Ia 4500 | ||
|---|---|---|---|
| 003 | IN-BaIIA | ||
| 008 | 211028s9999 xx 000 0 eng d | ||
| 040 | _cIIA Library | ||
| 080 |
_a523.745 _bHES |
||
| 111 |
_asymposium on the physics of solar flares _cWashington _d1963 Oct. 28-30 _95271 |
||
| 245 | 0 |
_aAAS-NASA symposium on the physics of solar flares _bproceedings of the AAS-NASA symposium held at the Goddard Space Flight Center, Green Belt, Maryland, Oct 28-30, 1963 _cedited by Wilmot Hess |
|
| 260 |
_aWashington _bNational Aeronautics and Space Administration _c1964 |
||
| 300 | _aviii, 465p. | ||
| 490 | _aNASA SP; 50 | ||
| 650 |
_aActive Sun _95272 |
||
| 650 | _aAstronomy and Astrophysics Thesaurus | ||
| 650 |
_aSolar Activity _91424 |
||
| 650 |
_aSolar Flares _94046 |
||
| 700 |
_aHess, Wilmot, ed. _95273 |
||
| 710 |
_aAmerican Astronomical Society _94342 |
||
| 942 | _cBK | ||
| 999 |
_c2953 _d2953 |
||